[Event "World Rapid Women 2021"]
[Site "Warsaw POL"]
[Date "2021.12.28"]
[Round "9.14"]
[White "Movsesian, Julia"]
[Black "Gaponenko, Inna"]
[Result "0-1"]
[WhiteTitle "WGM"]
[BlackTitle "IM"]
[WhiteElo "2300"]
[BlackElo "2347"]
[WhiteFideId "4139690"]
[BlackFideId "14101181"]
[EventDate "2021.12.26"]

1. Nf3 Nf6 2. g3 g6 3. Bg2 Bg7 4. O-O O-O 5. d4 d6 6. c4 Nc6 7. Nc3 Bg4 8. d5
Na5 9. Nd2 c5 10. Qc2 a6 11. b3 b5 12. h3 Bd7 13. Bb2 Rb8 14. Rab1 bxc4 15. bxc4
Rb4 16. a3 Rb8 17. e4 Qc8 18. Kh2 Qc7 19. Ne2 Rb7 20. Bc3 Rfb8 21. Rxb7 Nxb7 22.
Rb1 Nd8 23. Rxb8 Qxb8 24. f4 Ne8 25. Bxg7 Nxg7 26. Nc1 f5 27. Nd3 fxe4 28. Nxe4
Nf5 29. Qc3 Nf7 30. Ndxc5 dxc5 31. Nxc5 Bc8 32. Ne6 Bxe6 33. dxe6 N7d6 34. c5
Qc7 35. Qb4 Ne8 36. h4 Qd8 37. Qa4 Nf6 38. Qxa6 Qd4 39. Qa8+ Kg7 40. Qf3 Qxc5
41. a4 h5 42. Kh1 Qc1+ 0-1

[Event "World Rapid Women 2021"]
[Site "Warsaw POL"]
[Date "2021.12.28"]
[Round "9.15"]
[White "Doluhanova, Evgeniya"]
[Black "Girya, Olga"]
[Result "0-1"]
[WhiteTitle "WGM"]
[BlackTitle "GM"]
[WhiteElo "2264"]
[BlackElo "2416"]
[WhiteFideId "14112035"]
[BlackFideId "4195752"]
[EventDate "2021.12.26"]

1. e4 e5 2. Nf3 Nc6 3. Nc3 Nf6 4. d4 exd4 5. Nxd4 Bb4 6. Nxc6 bxc6 7. Bd3 O-O 8.
O-O d5 9. exd5 cxd5 10. h3 c6 11. Qf3 Bd6 12. Bf4 Qc7 13. Bxd6 Qxd6 14. Rad1 Bd7
15. b3 Rfe8 16. Ne2 c5 17. c4 d4 18. Rfe1 a5 19. Bc2 Bc6 20. Qc3 Qc7 21. Qd2 Be4
22. Ng3 Bxc2 23. Qxc2 Kf8 24. Qd2 h6 25. Qd3 g6 26. Qf3 Kg7 27. Ne2 a4 28. Nf4
axb3 29. axb3 Rab8 30. Rxe8 Rxe8 31. Nd5 Nxd5 32. Qxd5 Re5 33. Qf3 Qa5 34. g3 h5
35. Kg2 Qb4 36. h4 Re6 37. Ra1 Qd2 38. Rd1 Qa5 39. Qd3 Rf6 40. Rd2 Qa8+ 41. Kh2
Rf3 42. Qe2 Rf5 43. Ra2 Qb7 44. Qc2 Qf3 45. Kg1 Re5 46. Ra1 Re2 0-1

[Event "World Rapid Women 2021"]
[Site "Warsaw POL"]
[Date "2021.12.28"]
[Round "9.16"]
[White "Michna, Marta"]
[Black "Muetsch, Annmarie"]
[Result "1-0"]
[WhiteTitle "WGM"]
[BlackTitle "WIM"]
[WhiteElo "2314"]
[BlackElo "2279"]
[WhiteFideId "1106686"]
[BlackFideId "12971367"]
[EventDate "2021.12.26"]

1. Nf3 d6 2. g3 e5 3. d3 f5 4. c3 Nf6 5. Bg2 Be7 6. Qb3 Na6 7. d4 e4 8. Ng5 d5
9. f3 h6 10. Nh3 g5 11. O-O Rb8 12. Na3 Be6 13. fxe4 fxe4 14. Nc2 Qd7 15. Nf2 c5
16. Ne3 c4 17. Qc2 h5 18. Nxc4 dxc4 19. Bxg5 e3 20. Bxf6 exf2+ 21. Rxf2 Bxf6 22.
Rxf6 Kd8 23. Raf1 Re8 24. Qg6 Kc7 25. Qxh5 Rbd8 26. e4 Kb8 27. Qe5+ Nc7 28. Qf4
Rh8 29. Rf2 Rh7 30. Bh1 Bh3 31. d5 Ka8 32. Rf8 Rxf8 33. Qxf8+ Ne8 34. e5 Qe7 35.
e6 Kb8 36. Qxe7 Rxe7 37. Rf7 Rc7 38. Be4 Nd6 39. e7 Rc8 40. Rf8 Bd7 41. Bg6 Kc7
42. h4 Be8 43. h5 Kd7 44. Bxe8+ Rxe8 45. h6 Kxe7 46. Rf4 Rh8 47. Rh4 Nf5 48.
Rxc4 Kd6 49. Rf4 Nxh6 50. c4 b6 51. Kg2 Rh7 52. b4 Nf7 53. Rf6+ Kd7 54. c5 bxc5
55. bxc5 Ne5 56. Ra6 Kc8 57. Re6 Nd3 58. c6 Kc7 59. Kf3 Rf7+ 60. Ke3 Nb4 61. Kd4
Rf5 62. Re5 Rf1 63. Re7+ Kc8 64. Kc5 Nd3+ 65. Kd6 Rf6+ 66. Re6 Rf8 67. Re7 Rf6+
68. Re6 Rf8 69. c7 Kb7 70. Ke7 Rh8 71. d6 Nc5 72. Re5 Rh7+ 73. Kd8 Rh8+ 74. Re8
Ne6+ 75. Ke7 1-0

[Event "World Rapid Women 2021"]
[Site "Warsaw POL"]
[Date "2021.12.28"]
[Round "9.17"]
[White "Salimova, Nurgyul"]
[Black "Osmak, Yuliia"]
[Result "0-1"]
[WhiteTitle "IM"]
[BlackTitle "IM"]
[WhiteElo "2353"]
[BlackElo "2419"]
[WhiteFideId "2915138"]
[BlackFideId "14101602"]
[EventDate "2021.12.26"]

1. Nf3 d5 2. d4 Nf6 3. c4 dxc4 4. e3 e6 5. Bxc4 c5 6. O-O a6 7. Be2 Nc6 8. Ne5
cxd4 9. Nxc6 bxc6 10. exd4 Be7 11. Nc3 O-O 12. Bf4 Nd5 13. Be5 a5 14. Na4 Ba6
15. Bxa6 Rxa6 16. Rc1 Bg5 17. Rc4 Bf4 18. g3 Bxe5 19. dxe5 Qb8 20. Nc5 Ra7 21.
Qe2 Qb5 22. a4 Qb8 23. Rh4 Qd8 24. Qc2 h6 25. Ne4 Rb7 26. Rd1 Rb4 27. Qxc6 Rxb2
28. Qc1 Rb4 29. Rg4 Kh8 30. Rh4 Kg8 31. Rg4 Kh7 32. Qc2 Kh8 33. Rh4 Qc7 34. Qxc7
Nxc7 35. Rd7 Nd5 36. Nd6 Rxh4 37. gxh4 f6 38. Nf7+ Kg8 39. Nd8 Re8 40. Nc6 fxe5
41. Nxa5 Nc3 42. Nc6 Nxa4 43. Nxe5 Nc5 44. Rc7 Ne4 45. Kg2 Rf8 46. f3 Nf6 47.
Ng6 Ra8 48. Nf4 e5 49. Ne6 Nh5 50. Rc5 Re8 51. Nc7 Re7 52. Nd5 Rd7 53. Kf2 Kf7
54. Ke3 Ke6 55. Nc3 Nf4 56. Ne4 Rd3+ 57. Kf2 Ra3 58. Rc6+ Kf7 59. Nd6+ Kg8 60.
Rc8+ Kh7 61. Nf7 Ra2+ 62. Kf1 Rxh2 63. Rh8+ Kg6 64. Nxe5+ Kf5 65. Ng4 Rxh4 66.
Rf8+ Kg5 67. Nf2 Ne6 68. Re8 Kf5 69. Ra8 Rc4 70. Ra5+ Kg6 71. Nd3 Kh7 72. Ne5
Rc2 73. Ng4 Nd4 74. Ra3 h5 75. Ne3 Rb2 76. Ng2 Nf5 77. Ra5 g6 78. Nf4 Kh6 79.
Ra6 Nh4 80. Rc6 Rb4 81. Ne6 Nxf3 82. Rc8 g5 83. Rc6 Ne5 84. Ra6 Ng6 85. Kg2 Rb2+
86. Kg1 Rb8 87. Ra5 g4 88. Ng5 h4 89. Nf7+ Kg7 90. Ng5 Rb4 91. Ra7+ Kf6 92. Nh7+
Ke5 93. Rg7 Rb6 94. Ra7 Kf4 95. Ra4+ Kf5 96. Ra5+ Ne5 97. Nf8 Rd6 98. Rb5 Kf4
99. Rb4+ Kg3 100. Rb3+ Nf3+ 101. Kf1 Rd1+ 102. Ke2 Re1+ 103. Kd3 h3 0-1

[Event "World Rapid Women 2021"]
[Site "Warsaw POL"]
[Date "2021.12.28"]
[Round "9.18"]
[White "Mamedjarova, Zeinab"]
[Black "Garifullina, Leya"]
[Result "0-1"]
[WhiteTitle "WGM"]
[BlackTitle "WGM"]
[WhiteElo "2249"]
[BlackElo "2414"]
[WhiteFideId "13401521"]
[BlackFideId "34127035"]
[EventDate "2021.12.26"]

1. d4 Nf6 2. Nf3 d5 3. e3 e6 4. Be2 Be7 5. O-O O-O 6. b3 b6 7. Bb2 Bb7 8. Nbd2
c5 9. c4 Nc6 10. cxd5 Nxd5 11. dxc5 Bxc5 12. a3 Be7 13. b4 Bf6 14. Qb3 a5 15. b5
a4 16. Qc2 Na5 17. Bxf6 Qxf6 18. Bd3 h6 19. Ne4 Qd8 20. Rfd1 Nb3 21. Rab1 Qe7
22. Qb2 Rfc8 23. Qe5 Nf6 24. Nd6 Rd8 25. Nf5 Qc5 26. Nxh6+ Kf8 27. Nxf7 Bxf3 28.
Qxe6 Bxd1 29. Nh8 Bh5 30. Bc4 Rd6 31. Qh3 Qxc4 0-1

[Event "World Rapid Women 2021"]
[Site "Warsaw POL"]
[Date "2021.12.28"]
[Round "9.19"]
[White "Goraj, Barbara"]
[Black "Mamedjarova, Turkan"]
[Result "1-0"]
[WhiteTitle "WCM"]
[BlackTitle "WGM"]
[WhiteElo "2044"]
[BlackElo "2264"]
[WhiteFideId "21816166"]
[BlackFideId "13402005"]
[EventDate "2021.12.26"]

1. e4 e5 2. Nf3 Nc6 3. Bb5 a6 4. Bxc6 dxc6 5. O-O Bg4 6. h3 Bxf3 7. Qxf3 Nf6 8.
d3 h6 9. Be3 Bd6 10. Nd2 Qe7 11. Qe2 g5 12. c3 Rg8 13. g4 h5 14. f3 O-O-O 15. b4
Rg6 16. a4 Rh8 17. Kg2 Qe6 18. b5 hxg4 19. fxg4 Rh4 20. Rf5 cxb5 21. axb5 axb5
22. Ra8+ Kd7 23. d4 c6 24. d5 Qe7 25. dxc6+ bxc6 26. Bxg5 Rxg5 27. Rxg5 Rh7 28.
Ra7+ Bc7 29. Nf3 Kc8 30. Ra8+ Bb8 31. Qd3 Rh8 32. Rxe5 Qb7 33. Ra2 Bxe5 34. Nxe5
Rd8 35. Qf3 Rd6 36. Qf5+ Kb8 37. g5 Nd7 38. Nxf7 Rd3 39. Qf4+ Kc8 40. Nd6+ Rxd6
41. Qxd6 c5 42. Qd5 Qc7 43. Ra8+ Nb8 44. Qg8+ Kb7 45. Qxb8+ 1-0

[Event "World Rapid Women 2021"]
[Site "Warsaw POL"]
[Date "2021.12.28"]
[Round "9.20"]
[White "Buksa, Nataliya"]
[Black "Sliwicka, Alicja"]
[Result "0-1"]
[WhiteTitle "IM"]
[BlackTitle "WIM"]
[WhiteElo "2401"]
[BlackElo "2289"]
[WhiteFideId "14123622"]
[BlackFideId "1150677"]
[EventDate "2021.12.26"]

1. e4 c5 2. b3 d6 3. Bb2 Nf6 4. Nc3 e6 5. Nf3 Nc6 6. Bb5 Bd7 7. d4 cxd4 8. Nxd4
a6 9. Be2 Be7 10. g4 h6 11. Qd2 b5 12. f3 Qb6 13. O-O-O Nxg4 14. Nxc6 Bxc6 15.
Rhg1 Nf2 16. Rdf1 Rg8 17. Kb1 O-O-O 18. Nd5 exd5 19. exd5 Nh3 20. Rg3 Bd7 21. f4
g5 22. Rxh3 Bxh3 23. Qc3+ Kb8 24. Qxh3 gxf4 25. Qxh6 Qe3 26. Bd3 Rg1 27. Bc1
Rxf1 28. Bxf1 Qd4 29. Qxf4 Qxf4 30. Bxf4 Rg8 31. Bg3 Kc7 32. c4 bxc4 33. Bxc4 a5
34. Kc2 Bf6 35. Kd3 Be5 36. Be1 Kb6 37. Bf2+ Kb7 38. h4 Bg3 39. Be3 Bxh4 40. Bd2
Bd8 41. Bb5 Rg3+ 42. Ke4 Rg2 43. Bc6+ Kc8 44. Kd3 f5 45. a4 Bb6 46. b4 axb4 47.
Bxb4 Kc7 48. a5 Ba7 49. Bd2 Rg3+ 50. Ke2 Ra3 51. Bb5 Bc5 52. Bc6 Ra2 53. Kd3
Ra3+ 54. Ke2 Rh3 55. a6 Kb6 56. Bb7 Rh2+ 57. Kd3 Rf2 58. Bg5 f4 59. Ke4 f3 0-1

[Event "World Rapid Women 2021"]
[Site "Warsaw POL"]
[Date "2021.12.28"]
[Round "9.21"]
[White "Kurmangaliyeva, Liya"]
[Black "Nomin-Erdene, Davaademberel"]
[Result "1/2-1/2"]
[WhiteTitle "FM"]
[BlackTitle "IM"]
[WhiteElo "2195"]
[BlackElo "2391"]
[WhiteFideId "13725831"]
[BlackFideId "4900782"]
[EventDate "2021.12.26"]

1. d4 Nf6 2. c4 e6 3. Nf3 d5 4. Nc3 Nbd7 5. cxd5 exd5 6. Bg5 Bb4 7. Qc2 c5 8. e3
Qa5 9. Bd3 c4 10. Bf5 O-O 11. O-O Re8 12. Rfb1 g6 13. Bxd7 Nxd7 14. a3 Bxc3 15.
Qxc3 Qa6 16. a4 Nf8 17. b4 Bf5 18. b5 Qe6 19. Re1 a6 20. Nd2 Bd3 21. Bf4 Qb6 22.
Qb4 Ne6 23. Be5 Rec8 24. Rec1 axb5 25. a5 Qc6 26. Nb1 b6 27. Nc3 bxa5 28. Rxa5
Rxa5 29. Qxa5 Ra8 30. Qxb5 Qxb5 31. Nxb5 Ra5 32. Nc3 Kf8 33. Bd6+ Ke8 34. Bb4
Ra7 35. Nxd5 Rb7 36. Bc3 h5 37. f3 Rb3 38. Nb4 Nc7 39. Be1 Nb5 40. Nd5 Rb2 41.
Nb6 Nxd4 42. exd4 Rxb6 43. Bc3 Rb3 44. Kf2 Ra3 45. Ke3 Ra2 46. Bd2 Kd7 47. h4
Kd6 48. g4 hxg4 49. fxg4 Kd5 50. h5 gxh5 51. gxh5 f5 52. Bc3 Rh2 53. Ra1 Rxh5
54. Ra5+ Kc6 55. Rc5+ Kd6 56. Bb4 Rh3+ 57. Kf4 Rh4+ 58. Ke3 Re4+ 59. Kf3 Ke6 60.
Rc6+ Kf7 61. Rd6 Be2+ 62. Kf2 f4 63. Bd2 f3 64. Be3 Rg4 65. Rc6 Rg2+ 66. Ke1 Bd3
67. Bf2 Rh2 68. d5 Be2 69. Be3 Rh1+ 70. Kf2 Rd1 71. Rd6 Rf1+ 72. Kg3 Rd1 73. Kf2
Rd3 74. Rd8 c3 75. Rc8 Bd1 76. d6 c2 77. Bf4 Rd4 78. Rc7+ Ke6 79. Bg3 Rd2+ 80.
Ke1 Rd5 81. Bf4 Kf5 82. Rf7+ Kg4 83. d7 Be2 84. Kf2 Bb5 85. Be3 Bxd7 86. Rf4+
Kh5 87. Kxf3 Rd3 88. Rc4 Bg4+ 89. Kf4 Bd1 90. Rc6 Rd7 91. Ke4 Re7+ 92. Kd3 Kg4
93. Rg6+ Kf5 94. Rc6 Rd7+ 95. Bd4 Kg4 96. Ke3 Re7+ 97. Kd2 Kf3 98. Bb2 Rd7+ 99.
Kc1 Ke2 100. Re6+ Kd3 101. Rh6 Rf7 102. Rh3+ Bf3 103. Ba3 Rf5 104. Rg3 Kc3 105.
Bb2+ Kb3 106. Rh3 Rf7 107. Rg3 Rf8 108. Be5 Rf5 109. Bg7 Rf7 110. Be5 Rf5 111.
Bg7 Rf7 112. Be5 Kc4 113. Kxc2 Be4+ 114. Kd2 Kd5 115. Bc3 Kc4 116. Be5 Ra7 117.
Rc3+ Kd5 118. Bc7 Ra2+ 119. Ke3 Ra1 120. Bb6 Re1+ 121. Kd2 Rb1 122. Bf2 Rh1 123.
Rc5+ Kd6 124. Rg5 1/2-1/2

[Event "World Rapid Women 2021"]
[Site "Warsaw POL"]
[Date "2021.12.28"]
[Round "9.22"]
[White "Vantika, Agrawal"]
[Black "Ovod, Evgenija"]
[Result "1-0"]
[WhiteTitle "WGM"]
[BlackTitle "IM"]
[WhiteElo "2381"]
[BlackElo "2366"]
[WhiteFideId "25050389"]
[BlackFideId "4131827"]
[EventDate "2021.12.26"]

1. d4 d5 2. c4 e6 3. Nf3 Nf6 4. g3 Be7 5. Bg2 O-O 6. O-O dxc4 7. Qc2 a6 8. a4
Bd7 9. Qxc4 Bc6 10. Bg5 Nbd7 11. Nc3 h6 12. Bxf6 Nxf6 13. a5 Bd5 14. Qd3 Bxf3
15. Bxf3 c6 16. Qc4 Nd5 17. e4 Nxc3 18. bxc3 Bd6 19. e5 Bc7 20. Qb4 Rb8 21. Be4
f5 22. exf6 Qxf6 23. f4 g5 24. f5 e5 25. d5 Bd6 26. Qc4 cxd5 27. Qxd5+ Kh8 28.
Rab1 Qe7 29. Kh1 Bc5 30. Rxb7 Rxb7 31. Qxb7 Qxb7 32. Bxb7 Kg7 33. Bxa6 Ra8 34.
f6+ Kf8 35. Bc4 Rxa5 36. Rd1 Ra8 37. Rd7 g4 38. Kg2 Rb8 39. Kf1 e4 40. Rg7 Rb1+
41. Ke2 Rb2+ 42. Kd1 Ke8 43. f7+ Ke7 44. Rg8 Rf2 45. Re8+ Kd7 46. Rxe4 Rxh2 47.
Rxg4 Rf2 48. Bd5 Be7 49. c4 h5 50. Rg8 Kd6 51. Rh8 Rf5 52. Rh6+ Kc7 53. Ra6 Rg5
54. Ra7+ Kd6 55. Ra8 Rf5 56. Rh8 Kc5 57. Ke2 Kd4 58. Re8 Bc5 59. Rc8 Bd6 60. Rd8
Ke5 61. Re8+ Kd4 62. Rd8 Ke5 63. Rd7 Bc5 64. Bf3 Ke6 65. Rd5 Rxd5 66. Bxd5+ Kf5
67. Kf3 Bd6 68. Kg2 Kg4 69. Be6+ Kg5 70. Kf3 Kf6 71. Bd5 Kf5 72. Bc6 Kf6 73. Be8
Kg5 74. Ke4 Kg4 75. Kd5 Bf8 76. c5 Kxg3 77. c6 h4 78. Bd7 h3 79. Bxh3 Kxh3 80.
c7 1-0

[Event "World Rapid Women 2021"]
[Site "Warsaw POL"]
[Date "2021.12.28"]
[Round "9.23"]
[White "Kashlinskaya, Alina"]
[Black "Lach, Aleksandra"]
[Result "1-0"]
[WhiteTitle "IM"]
[BlackTitle "WIM"]
[WhiteElo "2490"]
[BlackElo "2198"]
[WhiteFideId "4198026"]
[BlackFideId "1134299"]
[EventDate "2021.12.26"]

1. d4 Nf6 2. c4 e6 3. Nc3 Bb4 4. Qc2 Nc6 5. Nf3 d6 6. a3 Bxc3+ 7. Qxc3 O-O 8. g3
e5 9. d5 Nb8 10. Bg2 a5 11. b3 Ne4 12. Qc2 f5 13. O-O Qf6 14. Bb2 Nc5 15. b4
axb4 16. axb4 Rxa1 17. Rxa1 Nca6 18. Qb3 Qf7 19. c5 e4 20. Ng5 Qe7 21. Ne6 Bxe6
22. dxe6 dxc5 23. b5 Nb4 24. Ra7 Re8 25. Rxb7 Qd6 26. Qc3 Qe7 27. Qe5 Rc8 28.
Qxf5 e3 29. Be4 exf2+ 30. Kf1 1-0

[Event "World Rapid Women 2021"]
[Site "Warsaw POL"]
[Date "2021.12.28"]
[Round "9.24"]
[White "Rakhmangulova, Anastasiya"]
[Black "Berend, Elvira"]
[Result "0-1"]
[WhiteTitle "WIM"]
[BlackTitle "WGM"]
[WhiteElo "2174"]
[BlackElo "2329"]
[WhiteFideId "14117479"]
[BlackFideId "4000510"]
[EventDate "2021.12.26"]

1. e4 c5 2. Nc3 d6 3. g3 g6 4. Bg2 Bg7 5. Nge2 Nc6 6. d3 Rb8 7. a4 a6 8. Be3 Nd4
9. h3 b5 10. axb5 axb5 11. Qd2 b4 12. Nd1 b3 13. Bxd4 cxd4 14. cxb3 e6 15. O-O
Ne7 16. Ra3 O-O 17. f4 Qb6 18. Nf2 Bb7 19. Rc1 Rfc8 20. Qa5 Rxc1+ 21. Nxc1 Qc6
22. Qd2 Nf5 23. Ne2 Ne3 24. Ra4 e5 25. Nd1 Nxg2 26. Kxg2 Ba6 27. Qc1 Qb7 28. Nf2
d5 29. Qa1 dxe4 30. Rxa6 exd3+ 31. Kf1 dxe2+ 32. Kxe2 e4 33. Ra7 Qb5+ 34. Ke1 e3
35. Nd1 Qb4+ 36. Kf1 Qd2 37. Re7 Bf8 38. Re4 0-1

[Event "World Rapid Women 2021"]
[Site "Warsaw POL"]
[Date "2021.12.28"]
[Round "9.25"]
[White "Bulmaga, Irina"]
[Black "Efroimski, Marsel"]
[Result "0-1"]
[WhiteTitle "IM"]
[BlackTitle "IM"]
[WhiteElo "2390"]
[BlackElo "2429"]
[WhiteFideId "13903063"]
[BlackFideId "2810964"]
[EventDate "2021.12.26"]

1. e4 c5 2. Nf3 d6 3. d4 cxd4 4. Nxd4 Nf6 5. Nc3 Nc6 6. Bg5 e6 7. Qd3 Be7 8.
O-O-O O-O 9. f4 h6 10. h4 Nxd4 11. Qxd4 Qa5 12. Be2 Rd8 13. Qd3 Bd7 14. Kb1 Rac8
15. g4 Kf8 16. Bxf6 Bxf6 17. e5 dxe5 18. g5 e4 19. Nxe4 Bc6 20. Nd6 Bd5 21. c4
Bxh1 22. gxf6 gxf6 23. Rxh1 Qc7 24. Rd1 Rd7 25. b4 Qb6 26. a3 Rc6 27. Qh7 Rcxd6
28. Rxd6 Qxd6 29. Qc2 Qxf4 30. Bd3 Qe3 31. Bh7 Qe1+ 32. Qc1 Rd1 0-1

[Event "World Rapid Women 2021"]
[Site "Warsaw POL"]
[Date "2021.12.28"]
[Round "9.26"]
[White "Kiolbasa, Oliwia"]
[Black "Zawadzka, Jolanta"]
[Result "1-0"]
[WhiteTitle "WIM"]
[BlackTitle "WGM"]
[WhiteElo "2399"]
[BlackElo "2426"]
[WhiteFideId "1154613"]
[BlackFideId "1122320"]
[EventDate "2021.12.26"]

1. e4 e5 2. Nf3 Nc6 3. Bb5 Bc5 4. O-O Nd4 5. Nxd4 Bxd4 6. c3 Bb6 7. Ba4 c6 8. d4
d6 9. Na3 Qf6 10. Nc4 Bc7 11. Bc2 g5 12. a4 Ne7 13. Be3 Ng6 14. dxe5 dxe5 15.
Bc5 b6 16. Ba3 Ba6 17. Ne3 Rd8 18. Qg4 Bxf1 19. Rxf1 h5 20. Qe2 Nf4 21. Qc4 Qe6
22. Qa6 f6 23. Nf5 Kf7 24. g3 Nh3+ 25. Kg2 g4 26. Bd3 Rxd3 27. Qxd3 Ng5 28. Qa6
Nxe4 29. Qxa7 Rc8 30. Ne7 Nd2 31. Nxc8 Qd5+ 32. f3 gxf3+ 33. Kg1 f2+ 34. Rxf2
Nf3+ 35. Rxf3 Qxf3 36. Qxc7+ Kg6 37. Ne7+ Kg5 38. Qxb6 Qd1+ 39. Kg2 Qe2+ 40. Qf2
Qe4+ 41. Kg1 Qb1+ 42. Qf1 Qc2 43. a5 1-0

[Event "World Rapid Women 2021"]
[Site "Warsaw POL"]
[Date "2021.12.28"]
[Round "9.27"]
[White "Badelka, Olga"]
[Black "Smirnova, Ekaterina"]
[Result "0-1"]
[WhiteTitle "IM"]
[BlackTitle "WIM"]
[WhiteElo "2453"]
[BlackElo "2196"]
[WhiteFideId "13509926"]
[BlackFideId "4110943"]
[EventDate "2021.12.26"]

1. Nf3 d5 2. g3 Nf6 3. Bg2 Bf5 4. O-O e6 5. c4 c6 6. cxd5 exd5 7. d3 Bc5 8. Qb3
Qb6 9. Qc2 O-O 10. Nc3 Be7 11. e4 dxe4 12. dxe4 Bg6 13. Be3 Qa5 14. a3 Nbd7 15.
b4 Qc7 16. Rfd1 a5 17. Bf4 Qc8 18. Rab1 axb4 19. axb4 Rd8 20. Nh4 Nf8 21. Nxg6
hxg6 22. e5 Ne8 23. Ne4 Qe6 24. Rxd8 Rxd8 25. Nc5 Bxc5 26. bxc5 Qe7 27. h4 Ne6
28. Be3 Nd4 29. Qa2 Qxe5 30. Rxb7 Ne6 31. Bxc6 Nf6 32. Bf3 Ne4 33. Bxe4 Rd1+ 34.
Kh2 Qxe4 35. Rb8+ Kh7 36. g4 Qh1+ 0-1

[Event "World Rapid Women 2021"]
[Site "Warsaw POL"]
[Date "2021.12.28"]
[Round "9.28"]
[White "Kovanova, Baira"]
[Black "Kazarian, Anna-Maja"]
[Result "1-0"]
[WhiteTitle "WGM"]
[BlackTitle "FM"]
[WhiteElo "2331"]
[BlackElo "2138"]
[WhiteFideId "4164083"]
[BlackFideId "1033689"]
[EventDate "2021.12.26"]

1. e4 e6 2. d4 d5 3. Nd2 Nf6 4. e5 Nfd7 5. Ngf3 c5 6. c3 Nc6 7. Bd3 f6 8. exf6
Qxf6 9. O-O Bd6 10. Re1 O-O 11. Nf1 h6 12. Bc2 Rf7 13. Ng3 Nf8 14. Be3 b6 15. c4
cxd4 16. Nh5 Qd8 17. Nxd4 Ne5 18. cxd5 exd5 19. Nb5 Bg4 20. Qxd5 Nf3+ 21. Kh1
Nxe1 22. Be4 Rc8 23. Nxd6 Be6 24. Qe5 Qc7 25. Nxf7 Qxf7 26. Rxe1 Nd7 27. Qd6
Bxa2 28. Nf4 Nf6 29. Bg6 Qb7 30. Bd4 Ng4 31. h3 Nf6 32. Bxf6 gxf6 33. Qxf6 Rf8
34. Qe5 Qd7 35. Nh5 Bd5 36. Be4 Bxe4 37. Qxe4 Rxf2 38. Qg6+ Kf8 39. Nf6 1-0

[Event "World Rapid Women 2021"]
[Site "Warsaw POL"]
[Date "2021.12.28"]
[Round "9.29"]
[White "Beydullayeva, Govhar"]
[Black "Socko, Monika"]
[Result "1/2-1/2"]
[WhiteTitle "WIM"]
[BlackTitle "GM"]
[WhiteElo "2290"]
[BlackElo "2393"]
[WhiteFideId "13413015"]
[BlackFideId "1106619"]
[EventDate "2021.12.26"]

1. Nf3 e6 2. g3 b6 3. Bg2 Bb7 4. c4 c5 5. Nc3 Nf6 6. O-O Be7 7. d4 cxd4 8. Qxd4
Nc6 9. Qf4 O-O 10. Rd1 Rc8 11. b3 Bc5 12. Bb2 Ne7 13. Ng5 Ng6 14. Qd2 Bxg2 15.
Kxg2 Be7 16. Nge4 Nxe4 17. Nxe4 Rc7 18. f3 f5 19. Qd4 Rf7 20. Nd6 Bxd6 21. Qxd6
Rc8 22. Rd2 Qg5 23. f4 Qd8 24. Rad1 Qe8 25. Qd4 Rc5 26. Qe3 Qc8 27. Bd4 Rc6 28.
Bb2 a6 29. a4 Qb7 30. Qf3 Qc7 31. Rd3 Nf8 32. Be5 Qc8 33. Rd6 Ng6 34. Ba1 Qc7
35. R6d3 d6 36. Bb2 Ne7 37. Ba3 Nc8 38. Qe3 Re7 39. Qd2 Rd7 40. Kg1 Kf7 41. Bb2
b5 42. Qc3 Kg8 43. Re3 d5 44. Qd4 bxc4 45. b4 Qb6 46. Qc3 Rf7 47. Kg2 Ne7 48. b5
axb5 49. axb5 Qxb5 50. Ra1 Qb7 51. Qd4 Nc8 52. Rea3 Rb6 53. Bc3 Rb3 54. Ra8 Rxc3
55. Qxc3 Rf8 56. Qe5 d4+ 57. Kg1 Qd7 58. R8a6 Re8 59. Rd1 d3 60. exd3 cxd3 61.
Ra3 d2 62. Ra2 Nb6 63. Raxd2 Nd5 64. Re1 Kf7 65. Ra1 Re7 66. Qd4 Qb7 67. Rb2 Qc7
68. Rba2 Qc6 69. Ra6 Qc2 70. R6a2 Qb3 71. Ra7 Qf3 72. Rxe7+ Nxe7 73. Ra7 Qc6 74.
Qb4 Qe8 75. Qd6 Kf6 76. Qe5+ Kf7 77. Qc5 Qd8 78. Kg2 Kf6 79. Qe5+ Kf7 80. Qc5
Kf6 81. Qc3+ Kf7 82. Qc7 Qd2+ 83. Kh3 Qb4 84. Rb7 Qa3 85. Ra7 Qb4 86. Rb7 Qa3
87. Qd7 Qc5 88. Rc7 Qb4 89. Rb7 Qc5 90. Qc7 Qa3 91. Ra7 1/2-1/2

[Event "World Rapid Women 2021"]
[Site "Warsaw POL"]
[Date "2021.12.28"]
[Round "9.30"]
[White "Babiy, Olga"]
[Black "Zabrzanska, Weronika"]
[Result "1-0"]
[WhiteTitle "WGM"]
[WhiteElo "2259"]
[BlackElo "1923"]
[WhiteFideId "14117258"]
[BlackFideId "21825173"]
[EventDate "2021.12.26"]

1. d4 Nf6 2. Nf3 e6 3. Bg5 d5 4. Nbd2 Be7 5. e3 h6 6. Bf4 b6 7. c3 Bb7 8. Bd3 c5
9. Ne5 O-O 10. g4 Ne4 11. Qc2 Nxd2 12. Qxd2 Nc6 13. Rg1 cxd4 14. exd4 Nxe5 15.
dxe5 Bg5 16. Bxg5 Qxg5 17. f4 Qh4+ 18. Rg3 f6 19. O-O-O fxe5 20. fxe5 Qg5 21.
Re3 Rf4 22. h3 Raf8 23. Kb1 Rf2 24. Re2 Qh4 25. Rxf2 Rxf2 26. Qe3 Rh2 27. Bf1
Qf2 28. Qxf2 Rxf2 29. Re1 g5 30. Bb5 Rf3 31. Bf1 Bc6 32. c4 Kf7 33. cxd5 Bxd5
34. Bg2 Rg3 35. Bxd5 exd5 36. Rf1+ Ke7 37. Rf6 Rxh3 38. Kc2 Rg3 39. Rxh6 Rxg4
40. Rd6 Rd4 41. Kc3 Rd1 42. Rg6 Rg1 43. Kd4 Rd1+ 44. Kc3 Rg1 45. Kd4 Rd1+ 46.
Kc3 d4+ 47. Kc4 d3 48. Kc3 b5 49. a3 Kf7 50. Rxg5 d2 51. Rg2 Ke6 52. Kc2 Re1 53.
Rxd2 Rxe5 54. Kc3 a5 55. Rd8 Rc5+ 56. Kb3 Rd5 57. Ra8 a4+ 58. Kb4 Kd7 59. Ra6
Kc7 60. Ka5 Re5 61. Rh6 Kb7 62. Rg6 Kc7 63. Ka6 Rc5 64. Ka5 Rf5 65. Rh6 Re5 66.
Rg6 Rf5 67. Ka6 Rc5 68. Ka5 Rf5 69. Kb4 Kb7 70. Rg7+ Kb6 71. Rg6+ Kb7 72. Re6
Kc7 73. Ka5 Rc5 74. Rh6 Rf5 75. Ka6 Rc5 76. Rh7+ Kc6 77. Rb7 Rc2 78. Rxb5 Rc4
79. Ka5 Rc2 80. Rb4 Kc5 81. Kxa4 Rd2 82. Rb8 Kc6 83. b3 Kc7 84. Rb5 Kc6 85. Ka5
Rd8 86. a4 Rd7 87. Kb4 Rd4+ 88. Kc3 Rd8 89. Rb4 Ra8 90. Rh4 Kd5 91. Rh5+ Kc6 92.
Kc4 Kb6 93. Kb4 Rb8 94. Rb5+ 1-0

[Event "World Rapid Women 2021"]
[Site "Warsaw POL"]
[Date "2021.12.28"]
[Round "9.31"]
[White "Zatonskih, Anna"]
[Black "Strutinskaia, Galina"]
[Result "1-0"]
[WhiteTitle "IM"]
[BlackTitle "WGM"]
[WhiteElo "2403"]
[BlackElo "2142"]
[WhiteFideId "14101572"]
[BlackFideId "4108558"]
[EventDate "2021.12.26"]

1. d4 Nf6 2. c4 e6 3. Nc3 d5 4. cxd5 exd5 5. Bg5 Be7 6. e3 c6 7. Bd3 Ne4 8. Bxe7
Qxe7 9. Qc2 f5 10. Nf3 Be6 11. Ne5 Nd7 12. f4 O-O 13. O-O Rac8 14. Qa4 a6 15.
Rac1 Ndf6 16. Rfd1 Bf7 17. Qc2 Bh5 18. Re1 h6 19. Na4 Ne8 20. Nb6 Rd8 21. a3 Qc7
22. Na4 N8d6 23. b4 Rc8 24. Nc5 Qe7 25. Qb3 Kh7 26. Rc2 g5 27. a4 Rg8 28. b5
axb5 29. axb5 Rg7 30. bxc6 bxc6 31. Bxe4 fxe4 32. fxg5 Rxg5 33. Rf2 Nf5 34. Ref1
Ng7 35. Qb7 Rc7 36. Qb8 Ne8 37. Rf7+ Bxf7 38. Rxf7+ Qxf7 39. Nxf7 Rg8 40. Ne5
Rcg7 41. g3 Nf6 42. Qd6 Rf8 43. Qxf8 1-0